[Event "GER-ch Blitz (Women)"]
[Site "Viernheim"]
[Date "2023.07.15"]
[Round "17"]
[White "Heinemann, Josefine"]
[Black "Heutling, Elina"]
[Result "1-0"]
[WhiteElo "2297"]
[BlackElo "1940"]
[PlyCount "91"]
[EventDate "2023.07.15"]
[EventType "tourn (blitz)"]
[EventRounds "27"]
[EventCountry "GER"]
[SourceTitle "CBM 215 Extra"]
[Source "ChessBase"]
[SourceDate "2023.09.30"]
[SourceVersion "1"]
[SourceVersionDate "2023.09.30"]
[SourceQuality "1"]

1. e4 c5 2. c3 d5 3. exd5 Qxd5 4. d4 Nf6 5. Nf3 Bg4 6. dxc5 Qxd1+ 7. Kxd1 e5 8. b4 e4 9. h3 exf3 10. hxg4 Nxg4 11. Kc2 Nd7 12. gxf3 Nge5 13. f4 Ng4 14. Bh3 Nxf2 15. Re1+ Kd8 16. Bg2 Kc7 17. Na3 a6 18. f5 Kb8 19. Nc4 Ka7 20. Na5 Rc8 21. Bxb7 Rc7 22. Bf3 h5 23. Be3 Ng4 24. Bxg4 hxg4 25. c6+ Nb6 26. Nc4 Rh2+ 27. Kb3 Rxc6 28. Bxb6+ Rxb6 29. Nxb6 Kxb6 30. Re8 Bd6 31. Rd1 Kc7 32. c4 g3 33. c5 Bf4 34. Re4 Bg5 35. Rg4 Bh4 36. Rxg7 g2 37. Rg1 Rh3+ 38. Ka4 Rg3 39. Rxg3 Bxg3 40. Rxg2 Be5 41. Kb3 Kc6 42. Kc4 f6 43. a4 Bf4 44. Rg7 Be5 45. b5+ axb5+ 46. axb5# 1-0

[Event "GER-ch Blitz (Women)"]
[Site "Viernheim"]
[Date "2023.07.15"]
[Round "8"]
[White "Von Herman, Brigitte"]
[Black "Heutling, Elina"]
[Result "1-0"]
[WhiteElo "1911"]
[BlackElo "1940"]
[PlyCount "105"]
[EventDate "2023.07.15"]
[EventType "tourn (blitz)"]
[EventRounds "27"]
[EventCountry "GER"]
[SourceTitle "CBM 215 Extra"]
[Source "ChessBase"]
[SourceDate "2023.09.30"]
[SourceVersion "1"]
[SourceVersionDate "2023.09.30"]
[SourceQuality "1"]

1. e4 c5 2. c3 d5 3. exd5 Qxd5 4. d4 Nc6 5. Nf3 Bg4 6. dxc5 Qxd1+ 7. Kxd1 e5 8. b4 e4 9. h3 Bh5 10. g4 Bxg4 11. hxg4 exf3 12. Nd2 Ne5 13. Bb5+ Kd8 14. g5 a6 15. Bf1 Be7 16. Ne4 Kc7 17. Bf4 f6 18. gxf6 gxf6 19. Kc2 Rd8 20. Rh3 Kc8 21. Rg3 Ng6 22. Bh3+ Rd7 23. Rxf3 Nxf4 24. Rxf4 Nh6 25. Rd1 f5 26. Rxd7 Kxd7 27. Bxf5+ Nxf5 28. Rxf5 h5 29. Ng3 h4 30. Nh1 Ke6 31. Rf3 Bg5 32. Rh3 Rd8 33. a4 Rd2+ 34. Kb3 Ke5 35. b5 axb5 36. axb5 Rd5 37. Kc4 Rd8 38. c6 bxc6 39. bxc6 Rc8 40. Kb5 Kd6 41. f4 Bf6 42. Rd3+ Kc7 43. Rd7+ Kb8 44. Rf7 Bxc3 45. Nf2 Bd4 46. Nh3 Rc7 47. Rf8+ Ka7 48. Rd8 Bf6 49. Rd6 Be7 50. Rh6 Kb8 51. Ng5 Bxg5 52. fxg5 Rg7 53. Kb6 1-0

[Event "GER-ch U18 Girls"]
[Site "Willingen"]
[Date "2023.06.02"]
[Round "8"]
[White "Reuter, Elisa"]
[Black "Heutling, Elina"]
[Result "1-0"]
[WhiteElo "1944"]
[BlackElo "1878"]
[PlyCount "89"]
[EventDate "2023.05.27"]
[EventType "swiss"]
[EventRounds "9"]
[EventCountry "GER"]
[SourceTitle "CBM 214 Extra"]
[Source "ChessBase"]
[SourceDate "2023.07.31"]
[SourceVersion "1"]
[SourceVersionDate "2023.07.31"]
[SourceQuality "1"]

1. e4 c5 2. Nf3 d6 3. d4 cxd4 4. Nxd4 Nf6 5. Nc3 a6 6. Be2 e5 7. Nb3 Be7 8. 0-0 0-0 9. Kh1 b6 10. Be3 Bb7 11. f3 b5 12. a4 b4 13. Nd5 Nxd5 14. exd5 Nd7 15. c3 bxc3 16. bxc3 Bg5 17. Bxg5 Qxg5 18. a5 f5 19. c4 Rf6 20. Qd2 f4 21. Bd3 Rh6 22. g3 Qxg3 23. Qg2 Qh4 24. Rg1 g6 25. Ra2 Nf6 26. Qg5 Qxg5 27. Rxg5 Bc8 28. Nd2 Rb8 29. Rg1 Rh3 30. Rb1 Rxb1+ 31. Bxb1 Bf5 32. Rb2 Bxb1 33. Rxb1 e4 34. Kg2 Rh5 35. Nxe4 Nxe4 36. fxe4 f3+ 37. Kxf3 Rh3+ 38. Kf4 Rc3 39. Rb6 Rxc4 40. Rxd6 Kf7 41. Rxa6 Ra4 42. Ke5 Ke7 43. Ra7+ Ke8 44. Rxh7 Rxa5 45. Ke6 1-0

[Event "GER-ch U18 Girls"]
[Site "Willingen"]
[Date "2023.06.01"]
[Round "7"]
[White "Heutling, Elina"]
[Black "Peglau, Mirjam"]
[Result "1-0"]
[WhiteElo "1878"]
[BlackElo "1932"]
[PlyCount "131"]
[EventDate "2023.05.27"]
[EventType "swiss"]
[EventRounds "9"]
[EventCountry "GER"]
[SourceTitle "CBM 214 Extra"]
[Source "ChessBase"]
[SourceDate "2023.07.31"]
[SourceVersion "1"]
[SourceVersionDate "2023.07.31"]
[SourceQuality "1"]

1. e4 Nc6 2. d4 e5 3. dxe5 Nxe5 4. Nf3 Nxf3+ 5. Qxf3 Qf6 6. Qxf6 Nxf6 7. Bd3 d5 8. e5 Nd7 9. 0-0 Bc5 10. Bf4 0-0 11. c3 c6 12. Nd2 f6 13. exf6 Nxf6 14. b4 Bb6 15. Bd6 Re8 16. Rae1 Be6 17. Nb3 Rad8 18. Bc5 Nd7 19. Nd4 Bf7 20. Bxb6 Nxb6 21. Bc2 Nc4 22. Nf3 Bh5 23. Rxe8+ Rxe8 24. Re1 Rxe1+ 25. Nxe1 Na3 26. Bf5 Nb5 27. Bc8 Nd6 28. Bd7 Kf8 29. Nc2 Ke7 30. Bh3 Nb5 31. Bc8 Bg6 32. Nd4 Nxd4 33. cxd4 b6 34. f3 Kd6 35. Kf2 c5 36. bxc5+ bxc5 37. Ke3 Bf7 38. f4 Kc7 39. Bf5 g6 40. Bc2 Kb6 41. Kd3 Be6 42. Kc3 Kc6 43. h3 Kd6 44. Bd3 c4 45. Bc2 Bf5 46. Bd1 Be4 47. g3 Ke6 48. Bg4+ Kf6 49. h4 h6 50. Bd7 Bf5 51. Bc6 Be6 52. Ba4 Bf5 53. Bc6 Ke6 54. Be8 Be4 55. Kd2 Bb1 56. Kc3 Kf5 57. Bf7 Be4 58. h5 gxh5 59. Bxh5 Bg2 60. a3 Ke4 61. Bg6+ Ke3 62. f5 Be4 63. Bh7 Bf3 64. f6 Bh5 65. Bg8 Kf3 66. f7 1-0

[Event "GER-ch U18 Girls"]
[Site "Willingen"]
[Date "2023.05.31"]
[Round "6"]
[White "Albayrak, Nese Pinar"]
[Black "Heutling, Elina"]
[Result "0-1"]
[WhiteElo "1763"]
[BlackElo "1878"]
[PlyCount "62"]
[EventDate "2023.05.27"]
[EventType "swiss"]
[EventRounds "9"]
[EventCountry "GER"]
[SourceTitle "CBM 214 Extra"]
[Source "ChessBase"]
[SourceDate "2023.07.31"]
[SourceVersion "1"]
[SourceVersionDate "2023.07.31"]
[SourceQuality "1"]

1. e4 c5 2. Nf3 d6 3. d4 cxd4 4. Nxd4 Nf6 5. Nc3 a6 6. Bg5 e6 7. f4 Qc7 8. Qf3 b5 9. 0-0-0 b4 10. Nce2 Nbd7 11. g4 Bb7 12. Ng3 Rc8 13. Bd3 Nc5 14. h3 Nfd7 15. Rhf1 h6 16. Bh4 Nxd3+ 17. Qxd3 g5 18. fxg5 Ne5 19. Qb3 Ng6 20. Nxe6 Qc4 21. Qxc4 Rxc4 22. Nxf8 Nxh4 23. g6 Rxf8 24. g7 Rg8 25. Nh5 Ke7 26. Rf6 Bxe4 27. Rdxd6 Rxc2+ 28. Kd1 Rgc8 29. g8Q Rxg8 30. Rxa6 Rd8+ 31. Ke1 Ng2+ 0-1

[Event "GER-ch U18 Girls"]
[Site "Willingen"]
[Date "2023.05.30"]
[Round "4"]
[White "Heutling, Elina"]
[Black "Groeschel, Karoline"]
[Result "1/2-1/2"]
[WhiteElo "1878"]
[BlackElo "1892"]
[PlyCount "95"]
[EventDate "2023.05.27"]
[EventType "swiss"]
[EventRounds "9"]
[EventCountry "GER"]
[SourceTitle "CBM 214 Extra"]
[Source "ChessBase"]
[SourceDate "2023.07.31"]
[SourceVersion "1"]
[SourceVersionDate "2023.07.31"]
[SourceQuality "1"]

1. e4 c5 2. Nf3 e6 3. d4 cxd4 4. Nxd4 a6 5. Nc3 b5 6. Bd3 Bb7 7. 0-0 Nc6 8. Nxc6 Bxc6 9. Qe2 Bc5 10. Be3 Qb6 11. Bxc5 Qxc5 12. Rfe1 Ne7 13. a4 b4 14. Nb1 Bb7 15. Nd2 0-0 16. Qe3 Qxe3 17. Rxe3 d5 18. e5 Nc6 19. Rae1 Rfc8 20. Nb3 a5 21. Bb5 Ne7 22. Nd4 Bc6 23. Nxc6 Nxc6 24. Rd1 Na7 25. Bd3 g6 26. h4 Rc5 27. h5 Kg7 28. Rh3 Nc6 29. f4 Nd4 30. Kf2 Nf5 31. g4 Ne7 32. Rdh1 Rac8 33. hxg6 hxg6 34. Ke3 Rg8 35. Rh7+ Kf8 36. Rh8 Rxh8 37. Rxh8+ Ng8 38. Kd4 Rc7 39. c3 bxc3 40. bxc3 Kg7 41. Rh1 Ne7 42. Rb1 Nc6+ 43. Ke3 d4+ 44. cxd4 Nb4 45. Kd2 Rd7 46. Ke3 Rc7 47. Kd2 Rd7 48. Ke3 1/2-1/2

[Event "Rhein Main op-A 24th"]
[Site "Bad Homburg"]
[Date "2022.06.17"]
[Round "4"]
[White "Heutling, Elina"]
[Black "Bahlo, Jens"]
[Result "1-0"]
[WhiteElo "1798"]
[BlackElo "1931"]
[PlyCount "107"]
[EventDate "2022.06.15"]
[EventType "swiss"]
[EventRounds "7"]
[EventCountry "GER"]
[SourceTitle "EXT 2023"]
[Source "ChessBase"]
[SourceDate "2022.10.05"]
[SourceVersion "1"]
[SourceVersionDate "2022.10.05"]
[SourceQuality "1"]

1. e4 c5 2. Nf3 a6 3. c4 Nc6 4. d4 cxd4 5. Nxd4 e5 6. Nc2 Bc5 7. Be2 Nf6 8. Nc3 h6 9. 0-0 d6 10. a3 Be6 11. b4 Ba7 12. Qd3 Rc8 13. Be3 Bxe3 14. Qxe3 Ne7 15. Nd5 Bxd5 16. exd5 Nexd5 17. Qb3 Nf4 18. Bf3 Qc7 19. Qa4+ Nd7 20. Ne3 0-0 21. Rfd1 Nb6 22. Qb3 g6 23. Rac1 Ne6 24. Nd5 Nxd5 25. Bxd5 Nf4 26. Qe3 Kg7 27. g3 Nxd5 28. Rxd5 Qe7 29. f4 Rfe8 30. Qc3 Kh7 31. fxe5 dxe5 32. Re1 f6 33. Red1 Qe6 34. c5 Rc7 35. Qd2 Rce7 36. Rd6 Qf7 37. Rf1 f5 38. Rd1 f4 39. Rf1 f3 40. Qe3 e4 41. Rfd1 Rf8 42. Kf2 Qf5 43. R1d2 h5 44. R6d5 Qh3 45. Kg1 h4 46. Qg5 Rg7 47. Rf2 Rf5 48. Rxf5 Qxf5 49. Qxh4+ Kg8 50. Qd8+ Kf7 51. Rd2 g5 52. Rd7+ Kg6 53. Qe8+ Rf7 54. Qg8+ 1-0

[Event "GER-chT U16"]
[Site "Willingen"]
[Date "2021.06.25"]
[Round "4.1"]
[White "Heutling, Elina"]
[Black "Kotyk, Michael"]
[Result "0-1"]
[WhiteElo "1922"]
[BlackElo "1960"]
[PlyCount "162"]
[EventDate "2021.06.23"]
[EventType "team-swiss"]
[EventRounds "7"]
[EventCountry "GER"]
[SourceTitle "CBM 203 Extra"]
[Source "ChessBase"]
[SourceDate "2021.09.30"]
[SourceVersion "1"]
[SourceVersionDate "2021.09.30"]
[SourceQuality "1"]
[WhiteTeam "Magdeburg Schachzwerge"]
[BlackTeam "Hamburger SK"]
[WhiteTeamCountry "GER"]
[BlackTeamCountry "GER"]

1. e4 c6 2. d4 g6 3. Bd3 Bg7 4. c3 d5 5. e5 c5 6. Ne2 Nc6 7. 0-0 h5 8. f4 Qb6 9. Kh1 Nh6 10. dxc5 Qxc5 11. b4 Qb6 12. b5 Na5 13. Nd4 Nf5 14. a4 Nxd4 15. Be3 Bg4 16. Qe1 e6 17. h3 Bf5 18. Bxf5 gxf5 19. Bxd4 Qc7 20. Nd2 Bf8 21. Qf2 b6 22. Rac1 Be7 23. Rc2 Nc4 24. Qe2 Rc8 25. Nb3 Na3 26. Ra2 Qc4 27. Qxc4 Rxc4 28. Nd2 Rxa4 29. Nb1 0-0 30. Nxa3 Rxa3 31. Rxa3 Bxa3 32. Ra1 Bc5 33. Rxa7 Rc8 34. Rb7 Bxd4 35. cxd4 Rc4 36. Rxb6 Rxd4 37. g3 h4 38. Rb8+ Kg7 39. b6 hxg3 40. b7 Rb4 41. Kg2 Rb3 42. h4 Kh7 43. Kh3 Kg7 44. Kg2 Kh7 45. Kh3 d4 46. Kg2 d3 47. Rd8 d2 48. Rxd2 Rxb7 49. Rd3 Kh6 50. Kxg3 Rb1 51. Rd7 Rb3+ 52. Kg2 Kh5 53. Rxf7 Kg4 54. h5 Rb2+ 55. Kg1 Kxf4 56. h6 Kxe5 57. h7 Rb8 58. Kf2 Kf4 59. Rg7 Rh8 60. Ke2 e5 61. Kf2 Ke4 62. Ra7 Rb8 63. Ra4+ Kd5 64. Ra5+ Ke6 65. Ra6+ Kf7 66. Ra5 Kf6 67. Kf3 Rb3+ 68. Kg2 Rb2+ 69. Kg1 Rb8 70. Ra7 e4 71. Kf2 f4 72. Ra6+ Kf5 73. Rh6 Rh8 74. Ke2 Kg5 75. Re6 Rxh7 76. Rxe4 Kg4 77. Ra4 Rh2+ 78. Kf1 Kg3 79. Kg1 Rb2 80. Ra1 f3 81. Kf1 Rh2 0-1

[Event "GER-ch (Women)"]
[Site "Magdeburg"]
[Date "2020.08.21"]
[Round "8"]
[White "Heutling, Elina"]
[Black "Dietrich, Mareike"]
[Result "1/2-1/2"]
[WhiteElo "1833"]
[BlackElo "1699"]
[PlyCount "79"]
[EventDate "2020.08.16"]
[EventType "swiss"]
[EventRounds "9"]
[EventCountry "GER"]
[SourceTitle "CBM 197 Extra"]
[Source "ChessBase"]
[SourceDate "2020.09.30"]
[SourceVersion "1"]
[SourceVersionDate "2020.09.30"]
[SourceQuality "1"]

1. e4 c5 2. Nf3 d6 3. d4 cxd4 4. Nxd4 Nf6 5. Nc3 a6 6. Be3 e6 7. Bd3 b5 8. f4 b4 9. Nb1 Qc7 10. Qf3 Bb7 11. Nd2 Nbd7 12. 0-0 h5 13. h3 Nc5 14. g4 hxg4 15. hxg4 Rh4 16. g5 Ng4 17. Qg3 Nxe3 18. Qxe3 d5 19. e5 Nxd3 20. cxd3 Qb6 21. Kg2 Be7 22. Rac1 Bxg5 23. fxg5 Qxd4 24. Qxd4 Rxd4 25. Rc7 Rxd3 26. Rh1 d4+ 27. Rxb7 Rxd2+ 28. Kf3 0-0-0 29. Rxb4 Rc2 30. Rd1 d3 31. Rb3 d2 32. Rc3+ Rxc3+ 33. bxc3 Rd3+ 34. Ke4 Rxc3 35. Rxd2 Rc5 36. Rf2 Rc7 37. Rb2 Rc4+ 38. Kf3 Rc3+ 39. Kf4 Rc4+ 40. Kf3 1/2-1/2

[Event "GER-ch (Women)"]
[Site "Magdeburg"]
[Date "2020.08.18"]
[Round "4"]
[White "Heutling, Elina"]
[Black "Rogozenco, Teodora Nana"]
[Result "0-1"]
[WhiteElo "1833"]
[BlackElo "1979"]
[PlyCount "64"]
[EventDate "2020.08.16"]
[EventType "swiss"]
[EventRounds "9"]
[EventCountry "GER"]
[SourceTitle "CBM 197 Extra"]
[Source "ChessBase"]
[SourceDate "2020.09.30"]
[SourceVersion "1"]
[SourceVersionDate "2020.09.30"]
[SourceQuality "1"]

1. e4 e5 2. Nf3 Nc6 3. Bb5 a6 4. Ba4 Nf6 5. d3 d6 6. c3 g6 7. 0-0 Bg7 8. Nbd2 0-0 9. Re1 b5 10. Bc2 d5 11. Nf1 Rb8 12. Bg5 h6 13. exd5 Qxd5 14. Bxf6 Bxf6 15. Ng3 Bg7 16. Ne4 Qd8 17. Nc5 Re8 18. Qd2 Qd6 19. b4 a5 20. a3 Bg4 21. Qe3 Ne7 22. h3 Nd5 23. Qd2 Bxf3 24. gxf3 Nf4 25. Kh2 e4 26. Rxe4 Rxe4 27. Nxe4 Qe6 28. Kg1 Be5 29. Qe1 Qxh3 30. Qf1 Ne2+ 31. Qxe2 Qh2+ 32. Kf1 Qh1# 0-1

[Event "GER-ch (Women)"]
[Site "Magdeburg"]
[Date "2020.08.18"]
[Round "3"]
[White "Reitz, Theresa"]
[Black "Heutling, Elina"]
[Result "0-1"]
[WhiteElo "1942"]
[BlackElo "1833"]
[PlyCount "86"]
[EventDate "2020.08.16"]
[EventType "swiss"]
[EventRounds "9"]
[EventCountry "GER"]
[SourceTitle "CBM 197 Extra"]
[Source "ChessBase"]
[SourceDate "2020.09.30"]
[SourceVersion "1"]
[SourceVersionDate "2020.09.30"]
[SourceQuality "1"]

1. d4 Nf6 2. Nf3 g6 3. Nbd2 Bg7 4. e3 c5 5. dxc5 Qa5 6. a3 Qxc5 7. b4 Qc7 8. Bb2 d6 9. Ne4 Nbd7 10. c4 0-0 11. Nc3 a6 12. Qb3 Nb6 13. Rc1 Bg4 14. Nd5 Nfxd5 15. cxd5 Qd7 16. Bd4 Bxd4 17. Nxd4 Rac8 18. Rxc8 Qxc8 19. Kd2 Bd7 20. Bd3 Ba4 21. Qa2 Qg4 22. g3 Rc8 23. e4 Qh3 24. Bf1 Qh5 25. Bd3 Qe5 26. Ke3 Rc3 27. f4 Qf6 28. Nf3 Bb5 29. Rd1 Nc4+ 30. Ke2 Nxa3 31. Ne1 Qd4 32. Bxb5 Qxe4+ 33. Kf2 Nxb5 34. Qb2 Qe3+ 35. Kf1 Rb3 36. Qc2 Qc3 37. Qe4 Rxb4 38. Qxe7 Qc4+ 39. Rd3 Rb3 40. Qe8+ Kg7 41. Qe3 Rxd3 42. Qxd3 Qxd3+ 43. Nxd3 Nc3 0-1

[Event "GER Cup Net V2 U2000"]
[Site "Playchess.com INT"]
[Date "2020.05.22"]
[Round "7"]
[White "Drescher, Werner"]
[Black "Heutling, Elina"]
[Result "0-1"]
[WhiteElo "1449"]
[BlackElo "1648"]
[PlyCount "74"]
[EventDate "2020.05.22"]
[EventType "swiss (blitz)"]
[EventRounds "9"]
[EventCountry "GER"]
[SourceTitle "EXT 2021"]
[Source "ChessBase"]
[SourceDate "2020.10.23"]
[SourceVersion "1"]
[SourceVersionDate "2020.10.23"]
[SourceQuality "1"]

1. d4 Nf6 2. Bf4 g6 3. Nc3 d5 4. h4 h5 5. Nf3 a6 6. Qd2 Nbd7 7. e3 c5 8. Ne5 cxd4 9. exd4 Nxe5 10. dxe5 Ne4 11. Nxe4 dxe4 12. 0-0-0 Qxd2+ 13. Rxd2 Be6 14. Kb1 Bg7 15. Be2 0-0 16. Rhd1 b5 17. a3 Rac8 18. f3 exf3 19. Bxf3 Rc5 20. Bb7 a5 21. Re1 Rb8 22. Bf3 Bf5 23. Bg5 Kf8 24. Bf4 Rbc8 25. Bd1 b4 26. axb4 axb4 27. b3 Rc3 28. Kb2 f6 29. exf6 Bxf6 30. Be5 Bxh4 31. Rh1 Bg5 32. Rf2 R3c5 33. g4 Rxe5 34. gxf5 Bf6 35. Kb1 Ra8 36. fxg6 Rf5 37. Rxf5 Ra1# 0-1